| 000 | 02180aam a2200325 i 4500 | ||
|---|---|---|---|
| 999 |
_c45354 _d45354 |
||
| 001 | 768714001 | ||
| 003 | CO-MdFUSB | ||
| 005 | 20200528124743.0 | ||
| 007 | ta | ||
| 008 | 200528s1945 enka|||| |||| 00| 0 eng d | ||
| 020 | _a[No incluye ISBN] | ||
| 040 |
_bspa. _aCO-MdFUSB _cCO-MdFUSB _dCO-MdFUSBC _erda |
||
| 041 | _aeng | ||
| 082 | 0 | 4 |
_223 _a265.3 _bD619 |
| 100 | 1 |
_aDix, Dom Gregory _eautor |
|
| 245 | 1 | 4 |
_aThe shape of the liturgy _c/ Dom Gregory Dix |
| 264 | 1 |
_aGlasgow, Gran Bretaña : _bDacre Press, _c[1945] |
|
| 264 | 4 | _c© 1945 | |
| 300 |
_axix, 764 páginas _c; 23 cm |
||
| 336 |
_atexto _btxt _2rdacontent |
||
| 337 |
_2rdamedia _asin mediación _bn |
||
| 338 |
_2rdacarrier _avolumen _bnc |
||
| 505 | _aIntroducción: el propósito de este ensayo - La liturgia y la acción eucarística - La realización de la liturgia - La forma clásica de la liturgia - Eucaristía y la Cena del Señor - La forma clásica de la liturgia - El pre Antecedentes de niceno en la liturgia - La oración eucarística - Detrás de las tradiciones locales - El significado de la Eucaristía - La teología de la consagración - El santificación del tiempo - El desarrollo del ceremonial - La realización de la forma de la liturgia - Oraciones variables en la Eucaristía - El desarrollo medieval - La reforma y la liturgia anglicana - A lo largo de todas las edades, un mundo sin fin. | ||
| 505 | 0 | 0 | _aIntroduction: the purpose of this essay -- The liturgy and the eucharistic action -- The performance of the liturgy -- The classical shape of the liturgy -- Eucharist and Lord' Supper -- The classical shape of the liturgy -- The pre-Nicene background on the liturgy -- The Eucharistic prayer --Behind the local traditions -- The meaning of the Eucharist -- The theology of consecration --The sanctification of time -- The development of ceremonial -- The completion of the shape of the liturgy -- Variable prayers at the Eucharist --The mediaeval development -- The reformation and the Anglican liturgy -- Throughout all ages, world without end. |
| 563 | _aPasta dura | ||
| 650 | 7 |
_9206 _aLiturgia |
|
| 942 | _cBK | ||
| 945 | _aJTF-925 | ||